000 00724nam a22002297a 4500
003 0
005 20251020144347.0
008 251020b xxu||||| |||| 00| 0 eng d
020 _a978-0-357-72326-5
050 _aQA 37.3
_b.W36 2023
100 _aWaner, Stefan,
_eauthor.
245 _aFinite mathematics /
_cStefan Waner and Steven R. Costenoble.
250 _aEighth edition.
260 _aBoston, MA :
_bCengage,
_c2023.
300 _axxii, various pagination :
_billustrations ;
_c28 cm.
504 _aIncludes index.
650 _aFinite mathematics
_xTextbooks.
650 _aMathematics
_vTextbooks.
650 _aMathematical models
_vTextbooks.
700 _aCostenoble, Steven R.,
_eauthor.
942 _2lcc
_cBK
999 _c368291
_d368291